La argentina y la segunda guerra mundial /

Guardado en:
Autor Principal: Sanchíz Muñoz, José R.
Formato: Libro
Publicado: Buenos Aires : Grupo Editor Latinoamericano, 1992
Series:Estudios Internaciónales
Materias:
Etiquetas: Agregar Etiqueta
Sin Etiquetas, Sea el primero en etiquetar este registro!
LEADER 00688nam a22002175a 4500
001 CEM.cems005754
005 20060214000000.0
008 130507s1992##################000#0#####d
003 CEMS
082 0 4 |a 982.06 
100 1 |a Sanchíz Muñoz, José R. 
245 1 0 |a La argentina y la segunda guerra mundial / 
260 |a Buenos Aires :  |b Grupo Editor Latinoamericano,  |c 1992 
300 |a 462 p. 
490 0 |a Estudios Internaciónales 
653 |a Argentina-segunda guerra mundi 
653 |a Historia 
653 |a Historia argentina 1910- 
653 |a Historia diplomatica argentina 
653 |a Relaciones internacionales 
859 |a CEMS  |b BIB. CEMS - 11 de abril  |h 982.06  |i Sa55  |p 16833.93  |t Ej.1